[Event "DEM U18 2023"]
[Site "Willingen GER"]
[Date "2023.05.31"]
[Round "5"]
[White "Spriestersbach, Kai"]
[Black "Musiolik, David"]
[Result "1-0"]
[Termination "normal"]
[Board "7"]
[WhiteElo "2230"]
[BlackElo "2291"]
[WhiteClock "00:55:15"]
[BlackClock "00:53:41"]
[PlyCount "91"]
[WhiteFideId "16269985"]
[BlackFideId "12972355"]
[EventCountry "GER"]
[EventRounds "9"]
[EventType "swiss"]
[EventDate "2023.05.27"]

1. e4 {[%emt 0:00:04]} e6 {[%emt 0:00:08]} 2. d4 {[%emt 0:00:06]} d5 {[%emt
0:00:10]} 3. e5 {[%emt 0:00:09]} c5 {[%emt 0:00:27]} 4. c3 {[%emt 0:00:05]} Qb6
{[%emt 0:00:16]} 5. Nf3 {[%emt 0:00:13]} Nc6 {[%emt 0:01:51]} 6. a3 {[%emt
0:00:28]} Nh6 {[%emt 0:02:07]} 7. b4 {[%emt 0:00:58]} cxd4 {[%emt 0:00:17]} 8.
Bxh6 {[%emt 0:00:09]} gxh6 {[%emt 0:01:26]} 9. cxd4 {[%emt 0:08:02]} Bd7 {[%emt
0:09:05]} 10. Ra2 {[%emt 0:02:04]} Rc8 {[%emt 0:06:31]} 11. Be2 {[%emt
0:06:43]} Bg7 {[%emt 0:03:51]} 12. O-O {[%emt 0:09:29]} O-O {[%emt 0:01:28]}
13. Qd2 {[%emt 0:19:10]} f6 {[%emt 0:10:49]} 14. b5 Ne7 15. exf6 Bxf6 16. Nc3
Qd6 17. Bd3 Bg7 18. Ne2 Be8 19. Ng3 Bg6 20. Re1 Nf5 21. Nxf5 Bxf5 22. Bxf5 Rxf5
23. Qd3 Rf7 24. Rae2 Re8 25. Ne5 Rf5 26. Re3 Ref8 27. R1e2 Bxe5 28. Rxe5 Rxe5
29. Rxe5 {normal} Rf6 30. Qc3 Qd7 31. a4 Kf7 32. g3 Rf5 33. Re2 Rg5 34. Rc2 b6
35. Qe3 Qd6 36. Rc6 Qe7 37. Qf4+ Kg6 38. Rc7 Qe8 39. h4 e5 40. dxe5 Rxe5 41.
Qg4+ Kf6 42. Qg7+ Kf5 43. Qxh7+ Kg4 44. Kg2 Qe6 45. Rc6 Qf5 46. Qg7+ 1-0

[Event "DEM U18 2023"]
[Site "Willingen GER"]
[Date "2023.05.31"]
[Round "5"]
[White "Weihrauch, Jakob"]
[Black "Matthäi, Jakob"]
[Result "1-0"]
[Termination "normal"]
[Board "8"]
[WhiteElo "2291"]
[BlackElo "2046"]
[WhiteClock "00:30:18"]
[BlackClock "00:06:34"]
[PlyCount "146"]
[WhiteFideId "16210115"]
[BlackFideId "16240421"]
[EventCountry "GER"]
[EventRounds "9"]
[EventType "swiss"]
[EventDate "2023.05.27"]

1. e4 {[%clk 01:30:59]} e5 {[%clk 01:30:54]} 2. Nf3 {[%clk 01:31:24]} Nc6
{[%clk 01:31:15]} 3. Bc4 {[%clk 01:31:46]} Bc5 {[%clk 01:31:39]} 4. d3 {[%clk
01:31:59]} Nf6 {[%clk 01:31:56]} 5. O-O {[%clk 01:32:22]} O-O {[%clk 01:32:02]}
6. Re1 {[%clk 01:32:42]} d6 {[%clk 01:28:04]} 7. c3 {[%clk 01:33:08]} Bb6
{[%clk 01:27:46]} 8. h3 {[%clk 01:25:54]} Be6 {[%clk 01:20:52]} 9. Nbd2 {[%clk
01:16:00]} Qe7 {[%clk 01:17:08]} 10. Bxe6 {[%clk 01:13:07]} fxe6 {[%clk
01:17:09]} 11. Nc4 {[%clk 01:12:17]} Nd7 {[%clk 01:14:42]} 12. d4 {[%clk
01:05:51]} exd4 {[%clk 01:07:45]} 13. cxd4 {[%clk 01:05:50]} e5 {[%clk
01:05:58]} 14. Nxb6 {[%clk 01:04:52]} Nxb6 {[%clk 01:03:58]} 15. d5 {[%clk
01:03:26]} Nb8 {[%clk 01:03:51]} 16. Ng5 {[%clk 01:00:09]} N8d7 {[%clk
00:57:07]} 17. Ne6 {[%clk 00:57:52]} Rfc8 {[%clk 00:57:15]} 18. Bg5 {[%clk
00:57:35]} Qf7 {[%clk 00:55:04]} {[%emt 00:00:42]} 19. Qg4 {[%clk 00:43:10]}
Nf8 {[%clk 00:51:00]} {[%emt 00:19:28]} 20. f4 {[%clk 00:32:09]} h5 {[%clk
00:47:00]} {[%emt 00:16:10]} 21. Qh4 {[%clk 00:29:42]} Nxe6 {[%clk 00:47:04]}
{[%emt 00:03:13]} 22. dxe6 {[%clk 00:30:08]} Qxe6 {[%clk 00:47:24]} {[%emt
00:00:17]} 23. f5 {[%clk 00:29:20]} Qf7 {[%clk 00:47:42]} {[%emt 00:01:29]} 24.
g4 {[%clk 00:29:17]} hxg4 {[%clk 00:34:12]} {[%emt 00:14:34]} 25. hxg4 {[%clk
00:29:31]} Kf8 {[%clk 00:21:14]} {[%emt 00:13:49]} 26. f6 {[%clk 00:26:41]} g6
{[%clk 00:21:14]} 27. Qh8+ {[%clk 00:26:41]} Qg8 {[%clk 00:19:55]} {[%emt
00:07:14]} 28. Bh6+ {[%clk 00:25:12]} Kf7 {[%clk 00:20:22]} {[%emt 00:00:48]}
29. Qg7+ {[%clk 00:25:35]} Qxg7 {[%clk 00:20:22]} 30. fxg7 {[%clk 00:25:35]}
Nd7 {[%clk 00:15:46]} {[%emt 00:05:47]} 31. Rf1+ {[%clk 00:25:08]} Ke7 {[%clk
00:15:46]} 32. Rf3 {[%clk 00:25:08]} Rg8 {[%clk 00:15:46]} 33. Raf1 {[%clk
00:25:08]} Rae8 {[%clk 00:15:46]} 34. Rf7+ {[%clk 00:25:08]} Ke6 {[%clk
00:15:46]} 35. Rf8 {[%clk 00:25:08]} Rexf8 {[%clk 00:15:46]} 36. gxf8=Q {[%clk
00:25:08]} Nxf8 {[%clk 00:15:46]} 37. Bxf8 {[%clk 00:25:08]} g5 {[%clk
00:09:06]} {[%emt 00:23:30]} 38. Rf5 {[%clk 00:15:09]} Rg6 {[%clk 00:09:20]}
{[%emt 00:01:53]} 39. Kf2 {[%clk 00:14:22]} Kd7 {[%clk 00:09:20]} 40. Ke3
{[%clk 00:14:22]} Ke6 {[%clk 00:06:32]} 41. Kd3 {[%clk 00:14:22]} Kd7 {[%clk
00:06:32]} {[%emt 00:04:29]} 42. Kc3 {[%clk 00:14:02]} {[%emt 00:04:14]} Ke6
{[%clk 00:02:17]} {[%emt 00:03:21]} 43. Kc4 {[%clk 00:14:04]} {[%emt 00:00:29]}
a6 {[%clk 00:24:39]} {[%emt 00:08:08]} 44. Kb4 {[%clk 00:42:30]} {[%emt
00:02:05]} Kd7 {[%clk 00:24:38]} {[%emt 00:00:29]} 45. Ka5 {[%clk 00:41:11]}
{[%emt 00:01:50]} Ke6 {[%clk 00:23:56]} {[%emt 00:01:11]} 46. a4 {[%clk
00:40:06]} {[%emt 00:01:35]} Kd7 {[%clk 00:22:12]} {[%emt 00:02:17]} 47. Kb4
{[%clk 00:36:14]} {[%emt 00:04:20]} Ke6 {[%clk 00:22:27]} {[%emt 00:00:15]} 48.
Kc4 {[%clk 00:35:55]} {[%emt 00:00:49]} b6 {[%clk 00:19:27]} {[%emt 00:03:30]}
49. Kb4 {[%clk 00:34:39]} {[%emt 00:01:46]} Kd7 {[%clk 00:16:22]} {[%emt
00:03:35]} 50. Kc3 {[%clk 00:33:56]} {[%emt 00:01:12]} Ke6 {[%clk 00:16:22]}
{[%emt 00:00:30]} 51. Kc4 {[%clk 00:34:21]} {[%emt 00:00:08]} Kd7 {[%clk
00:16:22]} {[%emt 00:00:29]} 52. Rf7+ {[%clk 00:34:24]} {[%emt 00:00:27]} Ke8
{[%clk 00:16:23]} {[%emt 00:00:30]} 53. Rg7 {[%clk 00:34:28]} {[%emt 00:00:25]}
Re6 {[%clk 00:15:56]} {[%emt 00:00:56]} 54. Rg8 {[%clk 00:31:38]} {[%emt
00:03:20]} Kf7 {[%clk 00:15:46]} {[%emt 00:00:40]} 55. Rh8 {[%clk 00:31:46]}
{[%emt 00:00:22]} c6 {[%clk 00:12:50]} {[%emt 00:03:27]} 56. Rh6 {[%clk
00:29:55]} {[%emt 00:02:21]} Rxh6 {[%clk 00:12:45]} {[%emt 00:00:35]} 57. Bxh6
{[%clk 00:30:20]} {[%emt 00:00:04]} Kf6 {[%clk 00:13:10]} {[%emt 00:00:06]} 58.
Kc3 {[%clk 00:29:30]} {[%emt 00:01:20]} d5 {[%clk 00:12:16]} {[%emt 00:01:23]}
59. Kd3 {[%clk 00:28:36]} {[%emt 00:01:24]} d4 {[%clk 00:10:05]} {[%emt
00:02:41]} 60. Bf8 {[%clk 00:28:11]} {[%emt 00:00:57]} b5 {[%clk 00:09:38]}
{[%emt 00:00:55]} 61. a5 {[%clk 00:28:08]} {[%emt 00:00:34]} Kf7 {[%clk
00:09:12]} {[%emt 00:00:56]} 62. Bc5 {[%clk 00:27:20]} {[%emt 00:01:18]} Ke6
{[%clk 00:09:22]} {[%emt 00:00:20]} 63. b4 {[%clk 00:27:33]} {[%emt 00:00:17]}
Kf6 {[%clk 00:08:43]} {[%emt 00:01:09]} 64. Bb6 {[%clk 00:27:33]} {[%emt
00:00:30]} Ke7 {[%clk 00:04:39]} {[%emt 00:04:33]} 65. Bc7 {[%clk 00:27:56]}
{[%emt 00:00:07]} Ke6 {[%clk 00:04:35]} {[%emt 00:00:34]} 66. Bd8 {[%clk
00:28:21]} {[%emt 00:00:05]} Kd6 {[%clk 00:04:56]} {[%emt 00:00:10]} 67. Bxg5
{[%clk 00:28:45]} {[%emt 00:00:05]} c5 {[%clk 00:05:22]} {[%emt 00:00:04]} 68.
bxc5+ {[%clk 00:29:10]} {[%emt 00:00:05]} Kxc5 {[%clk 00:05:34]} {[%emt
00:00:18]} 69. Be7+ {[%clk 00:29:35]} {[%emt 00:00:04]} Kc6 {[%clk 00:05:55]}
{[%emt 00:00:10]} 70. g5 {[%clk 00:29:52]} {[%emt 00:00:13]} Kd7 {[%clk
00:06:12]} {[%emt 00:00:13]} 71. Bf6 {[%clk 00:29:44]} {[%emt 00:00:38]} Ke6
{[%clk 00:06:36]} {[%emt 00:00:06]} 72. Bd8 {[%clk 00:29:53]} {[%emt 00:00:21]}
Kf7 {[%clk 00:06:10]} {[%emt 00:00:56]} 73. Bc7 {[%clk 00:30:18]} {[%emt
00:00:06]} Ke6 {[%clk 00:06:34]} {[%emt 00:00:06]} 1-0

[Event "DEM U18 2023"]
[Site "Willingen GER"]
[Date "2023.05.31"]
[Round "5"]
[White "Bornholdt, Joa Max"]
[Black "Lutz, Ruben"]
[Result "1/2-1/2"]
[Termination "normal"]
[Board "9"]
[WhiteTitle "FM"]
[WhiteElo "2250"]
[BlackElo "2211"]
[WhiteClock "00:01:51"]
[BlackClock "00:01:12"]
[PlyCount "109"]
[WhiteFideId "16253477"]
[BlackFideId "12975974"]
[EventCountry "GER"]
[EventRounds "9"]
[EventType "swiss"]
[EventDate "2023.05.27"]

1. e4 {[%clk 01:30:35]} e6 {[%clk 01:30:50]} 2. d4 {[%clk 01:30:50]} d5 {[%clk
01:31:13]} 3. Nc3 {[%clk 01:31:02]} Nf6 {[%clk 01:31:33]} 4. Bg5 {[%clk
01:30:54]} Be7 {[%clk 01:31:46]} 5. e5 {[%clk 01:31:15]} Nfd7 {[%clk 01:32:09]}
6. h4 {[%clk 01:31:13]} h6 {[%clk 01:28:58]} 7. Bxe7 {[%clk 01:31:22]} Qxe7
{[%clk 01:29:23]} 8. f4 {[%clk 01:30:32]} O-O {[%clk 01:22:00]} 9. Nf3 {[%clk
01:27:44]} a6 {[%clk 01:03:22]} 10. Qd2 {[%clk 01:24:14]} c5 {[%clk 01:03:19]}
11. O-O-O {[%clk 01:02:51]} Nc6 {[%clk 00:48:19]} 12. g4 {[%clk 00:48:30]}
{[%emt 00:10:08]} f6 {[%clk 00:36:16]} {[%emt 00:12:34]} 13. exf6 {[%clk
00:42:30]} {[%emt 00:06:31]} Qxf6 {[%clk 00:35:38]} {[%emt 00:01:07]} 14. Ne2
{[%clk 00:42:42]} {[%emt 00:00:19]} Qf7 {[%clk 00:24:03]} {[%emt 00:12:04]} 15.
Bg2 {[%clk 00:26:59]} {[%emt 00:16:13]} Nf6 {[%clk 00:21:05]} {[%emt 00:03:27]}
16. g5 {[%clk 00:24:48]} {[%emt 00:02:40]} Ne4 {[%clk 00:21:28]} {[%emt
00:00:09]} 17. Qe1 {[%clk 00:23:56]} {[%emt 00:01:20]} h5 {[%clk 00:21:00]}
{[%emt 00:00:59]} 18. Ne5 {[%clk 00:19:27]} {[%emt 00:04:58]} Nxe5 19. dxe5
{[%clk 00:19:55]} Qg6 {[%clk 00:13:31]} {[%emt 00:05:03]} 20. Rf1 {[%clk
00:18:32]} {[%emt 00:01:54]} Bd7 {[%clk 00:09:29]} {[%emt 00:04:29]} 21. f5
{[%clk 00:17:41]} {[%emt 00:01:20]} exf5 {[%clk 00:09:55]} {[%emt 00:00:04]}
22. Nf4 {[%clk 00:17:54]} {[%emt 00:00:17]} Qe8 {[%clk 00:10:08]} {[%emt
00:00:17]} 23. Nxd5 {[%clk 00:17:12]} {[%emt 00:01:13]} Qxe5 {[%clk 00:04:48]}
{[%emt 00:05:52]} 24. Nb6 {[%clk 00:10:16]} {[%emt 00:07:24]} Bb5 {[%clk
00:04:00]} {[%emt 00:01:18]} 25. c4 {[%clk 00:09:47]} {[%emt 00:01:00]} Bc6
{[%clk 00:02:56]} {[%emt 00:01:33]} 26. Nxa8 {[%clk 00:09:55]} {[%emt
00:00:23]} Rxa8 {[%clk 00:03:12]} {[%emt 00:00:14]} 27. Bxe4 {[%clk 00:08:44]}
{[%emt 00:01:40]} Bxe4 {[%clk 00:03:27]} {[%emt 00:00:15]} 28. Qe2 {[%clk
00:06:20]} {[%emt 00:02:55]} Qe6 {[%clk 00:01:48]} {[%emt 00:02:10]} 29. b3
{[%clk 00:04:44]} {[%emt 00:02:05]} b5 {[%clk 00:01:05]} {[%emt 00:01:13]} 30.
Qh2 {[%clk 00:02:31]} {[%emt 00:02:43]} bxc4 {[%clk 00:00:54]} {[%emt
00:00:42]} 31. Qd6 {[%clk 00:02:59]} {[%emt 00:00:01]} Qxd6 {[%clk 00:00:39]}
{[%emt 00:00:45]} 32. Rxd6 {[%clk 00:03:28]} {[%emt 00:00:02]} cxb3 {[%clk
00:01:01]} {[%emt 00:00:10]} 33. axb3 {[%clk 00:03:55]} Rb8 {[%clk 00:00:46]}
{[%emt 00:00:45]} 34. g6 {[%clk 00:02:47]} {[%emt 00:01:41]} Kf8 {[%clk
00:00:52]} {[%emt 00:00:21]} 35. Re6 {[%clk 00:01:35]} {[%emt 00:01:42]} Re8
{[%clk 00:00:42]} {[%emt 00:00:41]} 36. Rxe8+ {[%clk 00:01:03]} {[%emt
00:01:02]} Kxe8 {[%clk 00:01:09]} {[%emt 00:00:03]} 37. Kd2 {[%clk 00:01:28]}
{[%emt 00:00:04]} Ke7 {[%clk 00:01:17]} {[%emt 00:00:22]} 38. Ra1 {[%clk
00:00:52]} {[%emt 00:01:05]} Bb7 {[%clk 00:01:07]} {[%emt 00:00:42]} 39. Ra5
{[%clk 00:00:53]} {[%emt 00:00:27]} Kd6 {[%clk 00:00:59]} {[%emt 00:00:37]} 40.
Ke3 {[%clk 00:00:53]} {[%emt 00:00:30]} Kc6 {[%clk 00:00:35]} {[%emt 00:00:54]}
41. b4 {[%clk 00:21:54]} {[%emt 00:09:29]} f4+ {[%clk 00:10:42]} {[%emt
00:20:23]} 42. Kd3 {[%clk 00:20:29]} {[%emt 00:01:56]} cxb4 {[%clk 00:09:57]}
{[%emt 00:01:16]} 43. Rxh5 {[%clk 00:20:04]} {[%emt 00:00:54]} Bc8 {[%clk
00:05:45]} {[%emt 00:04:43]} 44. Kd4 {[%clk 00:15:25]} {[%emt 00:05:09]} Be6
{[%clk 00:04:19]} {[%emt 00:01:56]} 45. Re5 {[%clk 00:04:38]} {[%emt 00:11:16]}
Kd6 {[%clk 00:03:41]} {[%emt 00:01:08]} 46. Ra5 {[%clk 00:03:53]} {[%emt
00:01:15]} Bc8 {[%clk 00:01:22]} {[%emt 00:02:49]} 47. Ke4 {[%clk 00:03:57]}
{[%emt 00:00:25]} b3 {[%clk 00:00:47]} {[%emt 00:01:06]} 48. Ra3 {[%clk
00:03:12]} {[%emt 00:01:16]} Be6 {[%clk 00:00:46]} {[%emt 00:00:31]} 49. Rxa6+
{[%clk 00:01:52]} {[%emt 00:01:50]} Kc5 {[%clk 00:01:13]} {[%emt 00:00:03]} 50.
Ra1 {[%clk 00:01:47]} {[%emt 00:00:34]} Kb4 {[%clk 00:00:45]} {[%emt 00:00:58]}
51. Kxf4 {[%clk 00:01:39]} {[%emt 00:00:38]} b2 {[%clk 00:00:55]} {[%emt
00:00:20]} 52. Rb1 {[%clk 00:01:05]} {[%emt 00:01:04]} Kc3 {[%clk 00:00:58]}
{[%emt 00:00:26]} 53. Kg5 {[%clk 00:01:04]} {[%emt 00:00:31]} Ba2 {[%clk
00:00:45]} {[%emt 00:00:43]} 54. Rxb2 {[%clk 00:01:31]} {[%emt 00:00:04]} Kxb2
{[%clk 00:01:12]} {[%emt 00:00:03]} 55. h5 {[%clk 00:01:51]} {[%emt 00:00:11]}
1/2-1/2

[Event "DEM U18 2023"]
[Site "Willingen GER"]
[Date "2023.05.31"]
[Round "5"]
[White "Müller, Magnus"]
[Black "Eull, Emil"]
[Result "1-0"]
[Termination "normal"]
[Board "10"]
[WhiteElo "2210"]
[BlackElo "1937"]
[WhiteClock "00:15:04"]
[BlackClock "00:28:14"]
[PlyCount "83"]
[WhiteFideId "16230060"]
[BlackFideId "16253809"]
[EventCountry "GER"]
[EventRounds "9"]
[EventType "swiss"]
[EventDate "2023.05.27"]

1. e4 {[%clk 01:30:16]} c6 {[%clk 01:30:54]} 2. d4 {[%clk 01:30:54]} d5 {[%clk
01:31:19]} 3. e5 {[%clk 01:31:19]} Bf5 {[%clk 01:32:06]} 4. Nf3 {[%clk
01:31:44]} e6 {[%clk 01:32:06]} 5. Be2 {[%clk 01:31:44]} c5 {[%clk 01:32:06]}
6. c3 {[%clk 01:31:44]} Nc6 {[%clk 01:32:06]} 7. O-O {[%clk 01:31:44]} cxd4
{[%clk 01:32:06]} 8. Nxd4 {[%clk 01:31:44]} Nge7 {[%clk 01:32:06]} 9. Bb5
{[%clk 01:31:44]} a6 {[%clk 01:32:06]} 10. Bxc6+ {[%clk 01:31:44]} Nxc6 {[%clk
01:32:06]} 11. Nxf5 {[%clk 01:31:44]} exf5 {[%clk 01:32:06]} 12. Qd3 {[%clk
01:31:44]} Qd7 {[%clk 01:32:06]} 13. Nd2 {[%clk 01:31:44]} Be7 {[%clk
01:32:06]} 14. Nf3 {[%clk 01:31:44]} O-O {[%clk 01:32:06]} 15. Bf4 {[%clk
01:31:44]} Rfd8 {[%clk 01:32:06]} 16. Rfd1 {[%clk 01:31:44]} Qe6 {[%clk
01:32:06]} 17. b4 {[%clk 01:31:44]} h6 {[%clk 01:32:06]} 18. h4 {[%clk
01:31:44]} d4 {[%clk 01:32:06]} 19. a3 {[%clk 01:31:44]} dxc3 {[%clk 01:32:06]}
20. Qxc3 {[%clk 01:31:44]} Rac8 {[%clk 01:32:06]} 21. Qe3 {[%clk 01:31:44]} Rd5
{[%clk 01:32:06]} 22. Rxd5 {[%clk 01:31:44]} Qxd5 {[%clk 01:32:06]} 23. Qb6
{[%clk 01:31:44]} Nd8 {[%clk 01:32:06]} 24. Qd4 {[%clk 01:31:44]} Qxd4 {[%clk
01:32:06]} 25. Nxd4 {[%clk 01:31:44]} g6 {[%clk 01:32:06]} 26. g3 {[%clk
01:31:44]} Kg7 {[%clk 01:32:06]} 27. Rc1 {[%clk 01:31:44]} Rxc1+ {[%clk
01:32:06]} 28. Bxc1 {[%clk 01:31:44]} Nc6 {[%clk 01:32:06]} 29. Nxc6 {[%clk
01:31:44]} bxc6 {[%clk 01:32:06]} 30. Kf1 {[%clk 01:31:44]} c5 {[%clk
01:32:06]} 31. Bd2 {[%clk 01:31:44]} cxb4 {[%clk 01:32:06]} 32. axb4 {[%clk
01:31:44]} f6 {[%clk 01:32:06]} 33. e6 {[%clk 01:31:44]} h5 {[%clk 01:32:06]}
34. Ke2 {[%clk 00:16:20]} {[%emt 01:51:13]} Kf8 {[%clk 00:01:04]} 35. Kd3
{[%clk 00:16:45]} {[%emt 00:00:49]} Bd8 {[%clk 00:00:55]} 36. Kc4 {[%clk
00:16:54]} {[%emt 00:01:01]} Ke7 {[%clk 00:01:18]} 37. Kd5 {[%clk 00:17:18]}
{[%emt 00:00:12]} Bb6 {[%clk 00:00:59]} 38. Be3 {[%clk 00:17:43]} {[%emt
00:00:52]} Bc7 {[%clk 00:00:32]} 39. Kc6 {[%clk 00:17:43]} Bd6 {[%clk
00:00:32]} 40. Bc5 {[%clk 00:17:43]} Bxc5 {[%clk 00:00:32]} 41. bxc5 {[%clk
00:15:04]} {[%emt 00:05:39]} a5 {[%clk 00:28:14]} 42. Kb7 {[%clk 00:15:04]} 1-0